000 01228nam0a2200313 4500
001 RU\NLR\BIBL_A\022216369
005 20250625161835.0
035 _a(NLR Aleph) 022216369
090 _a13088448
_c13088448
100 _a20240507d1973 |||y0rusy50 ca
101 1 _arus
_ceng
102 _aRU
105 _aa z 000yy
181 0 _ai3
_baxxe
182 0 _an
200 1 _aМетод уравнений состояния для непрерывной оценки в применении к теории связи
_eперевод с английского
_fД. Снайдер
203 _aТекст
_bвизуальный
_cнепосредственный
210 _aМосква
_cЭнергия
_d1973
215 _a103, [1] с.
_cил., табл.
_d21
225 1 _aБиблиотека по автоматике
_vвып. 501
320 _aБиблиогр.: с. 95-98 (72 назв.)
606 _aСлучайные сигналы(электросвязь)
_xАнализ
_91660882
_3RU\NLR\AUTH\661034539
686 1 _aЗ811.1
700 1 _aСнайдер
_bД.
_gДональд
852 _aNLR
_j73-3/9310
942 _cBOOK
980 _aNB